| 000 | 00937nam a22002537a 4500 | ||
|---|---|---|---|
| 005 | 19970904051429.3 | ||
| 008 | 970904m19271929ii a 001 0aeng | ||
| 010 | _aENG-95699 | ||
| 020 |
_a9788179929117 _c295.00 |
||
| 035 | _aEN-79232 | ||
| 037 | _bDBAD/PUB | ||
| 040 | _aDPL | ||
| 082 | _a658.40353 | ||
| 100 | _aHall, L. Michael | ||
| 245 |
_aWinning business games: _cby L. Michael Hall _bapply powerful NLP techniques to bocome a brilliant player / |
||
| 260 |
_aMumbai _bJaico Publishing House, _c2009 |
||
| 270 |
_aA-2, Jash chambers, Fort _bMumbai _e400001 |
||
| 300 |
_avii, 288p. _c22 cm.(Pbk) |
||
| 500 | _aIncludes index | ||
| 650 | _aManagement games | ||
| 942 |
_2ddc _cEN _mHAL _h658.40353 |
||
| 999 |
_c33385 _d33385 |
||